000 00630nam a2200241Ia 4500
003 OSt
005 20221006151409.0
006 a|||||r|||| 00| 0
007 ta
008 221006b |||||||| |||| 00| 0 eng d
020 _cP50.00
024 _a21,958
037 _cTextual
040 _aEASL
_cEASL
_beng
041 _2eng
_aeng
082 _aV41:191.N9, P3
100 _aGREGORY John S
_9659090
245 0 _aWest and China since 1500
260 _aNew York
_bPalgrave Macmillan
_c2003
300 _a233p.
_ccm.
942 _hV41:191.N9, P3
_cTEXL
_2CC
999 _c1090044
_d1090044